Identification of shortest path for tourist places in thiruvananthapuram using gis based network analysis (Record no. 5757)

MARC details
000 -LEADER
fixed length control field 00604nam a22001817a 4500
003 - CONTROL NUMBER IDENTIFIER
control field OSt
005 - DATE AND TIME OF LATEST TRANSACTION
control field 20220107122831.0
008 - FIXED-LENGTH DATA ELEMENTS--GENERAL INFORMATION
fixed length control field 170731b xxu||||| |||| 00| 0 eng d
040 ## - CATALOGING SOURCE
Transcribing agency IIITMK
100 ## - MAIN ENTRY--PERSONAL NAME
Personal name Arun, P (92315004)
9 (RLIN) 12431
245 ## - TITLE STATEMENT
Title Identification of shortest path for tourist places in thiruvananthapuram using gis based network analysis
300 ## - PHYSICAL DESCRIPTION
Extent MSC GIS - Main Project
502 ## - DISSERTATION NOTE
Degree type MSC GIS
Name of granting institution 2015-2017
Year degree granted EXT
-- Mr Saran M S<br/>Regional Transportation Division, NATPAC
650 ## - SUBJECT ADDED ENTRY--TOPICAL TERM
Topical term or geographic name entry element NETWORK ANALYSIS
9 (RLIN) 12432
650 ## - SUBJECT ADDED ENTRY--TOPICAL TERM
Topical term or geographic name entry element GIS
9 (RLIN) 12433
650 ## - SUBJECT ADDED ENTRY--TOPICAL TERM
Topical term or geographic name entry element TOURISM
9 (RLIN) 12434
942 ## - ADDED ENTRY ELEMENTS (KOHA)
Source of classification or shelving scheme Dewey Decimal Classification
Koha item type
Holdings
Withdrawn status Lost status Source of classification or shelving scheme Damaged status Not for loan Collection code Home library Current library Shelving location Date acquired Total Checkouts Barcode Date last seen Price effective from Koha item type
    Dewey Decimal Classification     Non Fiction IIITM-K Kerala University of Digital Sciences, Innovation and Technology Knowledge Centre   31/07/2017   R-1288 31/07/2017 31/07/2017 Project Reports